| 000 | 00627cam a2200217 i 4500 | ||
|---|---|---|---|
| 001 | 0000003941 | ||
| 005 | 20170406115434.0 | ||
| 008 | 760916t19771975nyu 000 1 eng | ||
| 010 | _a 76002773 | ||
| 020 |
_a0385121334 : _c$8.95 |
||
| 035 | _9(DLC) 76002773 | ||
| 040 |
_aDLC _cDLC _dDLC |
||
| 050 | 0 | 0 |
_aPZ4.G1425 _bTo4 _aPR6057.A34 |
| 082 | 0 | 0 | _a823/.9/14 |
| 100 | 1 | _aGainham, Sarah. | |
| 245 | 1 | 0 |
_aTo the opera ball / _cSarah Gainham. |
| 250 | _a1st ed. in the United States of America. | ||
| 260 |
_aGarden City, N.Y. : _bDoubleday, _c1977, c1975. |
||
| 300 |
_a424 p. ; _c22 cm. |
||
| 908 | _a140728 | ||
| 999 |
_c3791 _d3791 |
||